000 00329 a2200157 4500
001 190488
020 _a978-85-99117-41-5
040 _cMagnum
100 _aSánchez, Efraín
240 1 0 _aOuros de eldorado
_lpor
245 1 0 _aOuros de eldorado
300 _a198
362 0 _a2010
697 _aANTIGUIDADES
942 _cBK
999 _c190488
_d190488